Genetic resources in plants : Their exploration and conservation (Record no. 35491)

MARC details
000 -LEADER
fixed length control field 00422nam a2200145Ia 4500
082 ## - DEWEY DECIMAL CLASSIFICATION NUMBER
Classification number 575:63:58/581
Item number FRA
245 #0 - TITLE STATEMENT
Title Genetic resources in plants : Their exploration and conservation
260 ## - PUBLICATION, DISTRIBUTION, ETC. (IMPRINT)
Place of publication Oxford
Name of publisher Blackwell
Year of publication 1970
650 ## - SUBJECT ADDED ENTRY--TOPICAL TERM
Topical Term Gene resource conservation
650 ## - SUBJECT ADDED ENTRY--TOPICAL TERM
Topical Term Plant genetic resource
700 ## - ADDED ENTRY--PERSONAL NAME
Personal name Bennett, E
700 ## - ADDED ENTRY--PERSONAL NAME
Personal name Frankel, O H
942 ## - ADDED ENTRY ELEMENTS (KOHA)
Koha item type Books
Holdings
Withdrawn status Lost status Damaged status Not for loan Home library Current library Date acquired Full call number Accession Number Koha item type
        RRII Library RRII Library 16/12/2021 575:63:58/581 FRA 15915 Books